Moving on in English video
保存先:
| 第一著者: | |
|---|---|
| フォーマット: | 図書 |
| 言語: | Undetermined |
| 出版事項: |
Cambridge, UK
Cambridge Univ. Press
2000
|
| 主題: | |
| タグ: |
タグ追加
タグなし, このレコードへの初めてのタグを付けませんか!
|
| Thư viện lưu trữ: | Trung tâm Học liệu Trường Đại học Cần Thơ |
|---|
| LEADER | 00574nam a2200205Ia 4500 | ||
|---|---|---|---|
| 001 | CTU_57648 | ||
| 008 | 210402s9999 xx 000 0 und d | ||
| 020 | |b 1357000 | ||
| 082 | |a 428.24 | ||
| 082 | |b B211 | ||
| 100 | |a Andrew Bampfield | ||
| 245 | 0 | |a Moving on in English video | |
| 245 | 0 | |c Andrew Bampfield, Andrew Littlejohn and Diana Hicks | |
| 260 | |a Cambridge, UK | ||
| 260 | |b Cambridge Univ. Press | ||
| 260 | |c 2000 | ||
| 650 | |a english language | ||
| 650 | |x study and teaching | ||
| 904 | |i Minh | ||
| 980 | |a Trung tâm Học liệu Trường Đại học Cần Thơ | ||